000 00467nab a2200145Ia 4500
003 ES-SlBCS
005 20210601125250.0
008 140529s1986 xxu||||| |||| 00| 0 eng d
041 _aeng
100 1 _aStroll, Avrum
_9118827
245 0 4 _aThe Role of Surfaces in an Ecological Theory of Perception
_c Avrum Stroll
650 0 4 _aTeoría Ecológica
_9156120
773 0 _tPhilosophy and Phenomenological Research
_gvol. 47, 1986, págs. 437-454
_wRev1411
942 _cAR
999 _c527489
_d527489